| 000 | 00933nam a22002417a 4500 | ||
|---|---|---|---|
| 008 | 150831b xxu||||| |||| 00| 0 eng d | ||
| 082 |
_a708 _bG144e |
||
| 100 |
_aSiderius, Josine [editora] _93488 |
||
| 245 |
_aElopement _bA lovable exchange between HMK and lad _cJosine Siderius [editora]; Ericka Florez [editora]; Wouter Sibum [editor]; Irene Craen [editora] |
||
| 260 |
_aCali _bHoorn _c2014 |
||
| 300 |
_a65 p. _bill. (col.) _c20 cm |
||
| 650 |
_aArte contemporáneo _zColombia _93489 |
||
| 650 |
_aArte _zColombia _93490 |
||
| 650 |
_aExhibiciones _zCali, Colombia _93491 |
||
| 650 |
_aExhibiciones _zHolanda _93492 |
||
| 700 |
_aBoer, Maze de _93493 |
||
| 700 |
_aGaitán, Adrián _93494 |
||
| 700 |
_aMunster, Leonardo van _93495 |
||
| 700 |
_aRamírez, Juan Sebastián _93496 |
||
| 700 |
_aSibum, Wouter [editor y texto] _93497 |
||
| 700 |
_aCraen, Irene [editora] _93498 |
||
| 700 |
_aFlorez, Ericka [editora y texto] _93499 |
||
| 999 |
_c732 _d732 |
||